| 000 | 00000nam##2200000za#4500 |
| 001 | 9.575263 |
| 003 | CaOODSP |
| 005 | 20220901140009 |
| 007 | cr ||||||||||| |
| 008 | 150406|1998||||xxc|||||o f|0| 0 eng|d |
| 040 | |aCaOODSP|beng |
| 043 | |an-cn--- |
| 086 | 1 |aJ3-7/1998-7E-PDF |
| 110 | 1 |aCanada.|bJustice Canada. |
| 245 | 10|aSafe storage in aboriginal communities - exploratory review of central firearm storage programs in Manitoba / |h[electronic resource]|c[by] E. Frank Cormier. |
| 260 | |aOttawa - Ontario : |bJustice Canada |c1998. |
| 300 | |a30p.|breferences |
| 490 | 1 |aTechnical report|vTR1998-7e |
| 500 | |aUnedited. "Canadian Firearms Centre" |
| 590 | |a12-40-Supp|b2012-10-23 |
| 720 | 1 |aCormier, Frank |
| 775 | 08|tL'entreposage sécuritaire dans les collectivités autochtones - examen exploratoire des programmes d'entreposage central des armes à feu au Manitoba / |w(CaOODSP)9.604800 |
| 830 | #0|aTechnical report ;|vTR1998-7e|w(CaOODSP)9.505667 |
| 856 | 40|ahttp://publications.gc.ca|qPDF|s93 KB|uhttps://publications.gc.ca/collections/collection_2012/jus/J3-7-1998-7-eng.pdf|yTR1998-7e |